00362 a2200109 450000100060000008200120000610000690001824501020008726000270018930000130021650000230022991431 aPR 1329 aShumaila Batool; Prof Sohail Ahmed and Shehzad Arshad (Advisors) aDesign and Development of PC Based Software Defined Radio (SDR) Part 1 : software Partn72 "B" EC aRawalpindibNUSTc2012 axii, 73p aBE Project Reports